000 00379pab a2200169 454500
008 180718b2007 xxu||||| |||| 00| 0 eng d
100 _aJhunjhunwala, Bharat
245 _aNo relief for the common man
260 _c2007
300 _ap.13,20.
362 _a16 Mar
650 _aBudget - India
650 _aBudget
773 _aMainstream
908 _aN
909 _a73435
999 _c73435
_d73435